[Event "GER-ch Net Amateur Gr-C Vor3"]
[Site "Playchess.com INT"]
[Date "2020.04.16"]
[Round "2"]
[White "Niese, Juergen"]
[Black "Roos Nazario, Valentin1111"]
[Result "0-1"]
[WhiteElo "1000"]
[BlackElo "1365"]
[PlyCount "40"]
[EventDate "2020.04.16"]
[EventType "swiss (blitz)"]
[EventRounds "9"]
[EventCountry "GER"]
[SourceTitle "CBM 195 Extra"]
[Source "ChessBase"]
[SourceDate "2020.05.31"]
[SourceVersion "1"]
[SourceVersionDate "2020.05.31"]
[SourceQuality "1"]

1. d4 d5 2. Nf3 Bf5 3. c4 e6 4. Nc3 Nc6 5. e3 Nb4 6. Be2 Nc2+ 7. Kf1 Nxa1 8. Bd3 Bg6 9. Bxg6 hxg6 10. Bd2 Nb3 11. Qxb3 Rb8 12. cxd5 exd5 13. Nxd5 Nf6 14. Qa4+ c6 15. Nc3 b5 16. Qb3 b4 17. Ne2 Ne4 18. Be1 Bd6 19. Ne5 Bxe5 20. dxe5 Qd5 0-1

[Event "GER-ch Net Amateur Gr-C Vor2"]
[Site "Playchess.com INT"]
[Date "2020.04.15"]
[Round "5"]
[White "Niese, Juergen"]
[Black "Mishra, Sanyukt"]
[Result "0-1"]
[WhiteElo "1102"]
[BlackElo "1329"]
[PlyCount "26"]
[EventDate "2020.04.15"]
[EventType "swiss (blitz)"]
[EventRounds "9"]
[EventCountry "GER"]
[SourceTitle "CBM 196 Extra"]
[Source "ChessBase"]
[SourceDate "2020.07.31"]
[SourceVersion "1"]
[SourceVersionDate "2020.07.31"]
[SourceQuality "1"]

1. d4 d5 2. c4 c6 3. Nf3 Nf6 4. Nc3 dxc4 5. e3 Bf5 6. Bxc4 e6 7. Qb3 Qc7 8. Ng5 Bd6 9. e4 Bg6 10. e5 Bxe5 11. dxe5 Qxe5+ 12. Be3 Ng4 13. 0-0 Qxh2# 0-1

[Event "GER-ch Net Amateur Gr-C Vor2"]
[Site "Playchess.com INT"]
[Date "2020.04.15"]
[Round "7"]
[White "Niese, Juergen"]
[Black "Radeke, Jennifer"]
[Result "0-1"]
[WhiteElo "1061"]
[BlackElo "1253"]
[PlyCount "50"]
[EventDate "2020.04.15"]
[EventType "swiss (blitz)"]
[EventRounds "9"]
[EventCountry "GER"]
[SourceTitle "CBM 196 Extra"]
[Source "ChessBase"]
[SourceDate "2020.07.31"]
[SourceVersion "1"]
[SourceVersionDate "2020.07.31"]
[SourceQuality "1"]

1. d4 d5 2. Nf3 Nc6 3. c4 dxc4 4. e3 Nf6 5. Bxc4 Bg4 6. Nc3 e6 7. a3 Bd6 8. Be2 e5 9. Nb5 e4 10. Nxd6+ Qxd6 11. Nd2 Bxe2 12. Qxe2 0-0-0 13. f3 Rde8 14. 0-0 g5 15. b4 h5 16. d5 Nxd5 17. fxe4 Nc3 18. Qf3 g4 19. Qf5+ Kb8 20. Bb2 Ne2+ 21. Kh1 Rh6 22. Rf2 g3 23. Rxe2 gxh2 24. Rf2 h4 25. Nc4 Qg3 0-1